| 000 | 00471nam a2200169Ia 4500 | ||
|---|---|---|---|
| 003 | GCL | ||
| 008 | 140319s9999 xx 000 0 eng d | ||
| 040 |
_aGCL / _cGCL |
||
| 082 | 0 | 4 |
_a327.17 _bT A |
| 100 | 1 | _aTRIDENT PRESS | |
| 245 | 1 | 0 |
_aARAB GULF COOPERATION COUCIL GCC / _cTRIDENT PRESS |
| 260 |
_aانجلترا : _bTRIDENT PRESS INTERNATIONAL ، _c1998 |
||
| 300 | _a175 P | ||
| 650 | 0 | 4 | _aINTERNATIONAL COOPERATION |
| 650 | 0 | 4 | _aARABIC COOPERATION |
| 942 |
_2ddc _cBK |
||
| 999 |
_c4073 _d4073 |
||